Loading...
| Science - Biology | 0 | 5 | 0 | 4 | 50 | 90 | 115.40 | 0 | 1 | 0.00 | 0.00 |
| Science - Physics | 0 | 4 | 1 | 0 | 35 | 70 | 92.00 | 0 | 2 | 0.00 | 0.00 |
| Science - Chemistry | 0 | 3 | 0 | 0 | 30 | 120 | 125.00 | 0 | 0 | 0.00 | 0.00 |
| Literature - European poetry | 0 | 2 | 0 | 0 | 20 | 65 | 93.50 | 0 | 0 | 0.00 | 0.00 |
| Religion - Islam | 0 | 2 | 0 | 0 | 20 | 29 | 68.00 | 2 | 2 | 0.00 | 0.00 |
| Literature - British any | 0 | 2 | 0 | 0 | 20 | 109 | 114.50 | 0 | 0 | 0.00 | 0.00 |
| Literature - World/Misc long fiction | 0 | 1 | 0 | 0 | 10 | 51 | 51.00 | 0 | 0 | 0.00 | 0.00 |
| Art - Music/Opera | 0 | 1 | 0 | 0 | 10 | 97 | 97.00 | 0 | 1 | 0.00 | 0.00 |
| Mythology - Americas | 0 | 1 | 0 | 0 | 10 | 90 | 90.00 | 0 | 1 | 0.00 | 0.00 |
| Mythology - Greco/Roman | 0 | 1 | 0 | 0 | 10 | 139 | 139.00 | 0 | 0 | 0.00 | 0.00 |
| Philosophy - 20th century | 0 | 1 | 0 | 1 | 10 | 141 | 141.00 | 0 | 0 | 0.00 | 0.00 |
| Philosophy - Enlightenment | 0 | 1 | 0 | 0 | 10 | 102 | 102.00 | 0 | 0 | 0.00 | 0.00 |
| Science - Astronomy | 0 | 1 | 0 | 0 | 10 | 94 | 94.00 | 0 | 0 | 0.00 | 0.00 |
| Literature - World/Misc poetry | 0 | 1 | 0 | 0 | 10 | 108 | 108.00 | 0 | 0 | 0.00 | 0.00 |
| Art - Painting/Sculpture | 0 | 1 | 0 | 1 | 10 | 153 | 153.00 | 0 | 0 | 0.00 | 0.00 |
| Art - Visual | 0 | 1 | 0 | 1 | 10 | 130 | 130.00 | 0 | 0 | 0.00 | 0.00 |
| Literature - British long fiction | 0 | 1 | 0 | 0 | 10 | 117 | 117.00 | 0 | 0 | 0.00 | 0.00 |
| Literature - British poetry | 0 | 1 | 0 | 1 | 10 | 146 | 146.00 | 0 | 0 | 0.00 | 0.00 |
| Literature - World/Misc drama | 0 | 1 | 0 | 0 | 10 | 81 | 81.00 | 1 | 1 | 0.00 | 0.00 |
| History - Other | 0 | 0 | 0 | 0 | 0 | 0.00 | 0 | 0 | 0.00 | 0.00 | |
| Religion - Mixed/Any | 0 | 0 | 1 | 0 | -5 | 0.00 | 0 | 0 | 0.00 | 0.00 |